Pd@UBPS catalyzed hydrogenations in a semi-flow reactor

Guardado en:
Detalles Bibliográficos
Autor principal: Dian, Filip (Autor)
Otros Autores: Lopatka, Pavol (Orientador)
Formato: Manuscrito Libro
Lenguaje:eslovaco
inglés
Publicado: 2025
Materias:
Acceso en línea:http://is.stuba.sk/zp/portal_zp.pl?podrobnosti=183370
Etiquetas: Agregar Etiqueta
Sin Etiquetas, Sea el primero en etiquetar este registro!

MARC

LEADER 00000ntm a22000003a 4500
001 stuzp105099
003 SK-STU
005 20250607211122.1
007 ta
008 150427s2015----xo-----f-mn---000-0-slo-d
040 |a STU  |b slo 
041 0 |a eng 
100 1 |a Dian, Filip  |u 048130  |4 aut  |U FCHPT Ústav organickej chémie, katalýzy a petrochémie  |T FCHPT Oddelenie organickej technológie, katalýzy a ropy  |X 110579  |U C8130  |Y 123  |7 110579 
242 0 1 |a Pd@UBPS katalyzované hydrogenácie v poloprietokovom reaktore  |y slo 
245 1 0 |a Pd@UBPS catalyzed hydrogenations in a semi-flow reactor 
260 |c 2025 
650 4 |a reaction kinetics  |2 eng 
650 4 |a activation energy  |2 eng 
650 4 |a catalysis  |2 eng 
650 4 |a Pd@UBPS  |2 eng 
650 4 |a semi-flow reactor  |2 eng 
650 4 |a hydrogenation  |2 eng 
650 4 |a reakčná kinetika  |2 slo 
650 4 |a Pd@UBPS  |2 slo 
650 4 |a aktivačná energia  |2 slo 
650 4 |a katalýza  |2 slo 
650 4 |a poloprietokový reaktor  |2 slo 
650 4 |a hydrogenácia  |2 slo 
700 1 |a Lopatka, Pavol  |u 048130  |k Z1  |4 ths  |U FCHPT Ústav organickej chémie, katalýzy a petrochémie  |T FCHPT Oddelenie organickej technológie, katalýzy a ropy  |X 43518  |U C8130  |Y 123  |7 A00000043518 
856 4 |u http://is.stuba.sk/zp/portal_zp.pl?podrobnosti=183370